| 000 | 00463cam a2200181ua 4500 | ||
|---|---|---|---|
| 020 | _c10.00 | ||
| 041 |
_ahin _h |
||
| 082 |
_a891.43 _bCHA/AN |
||
| 100 | _aChandben, Pandey . | ||
| 245 |
_aAndra-sathvahan samrajya ka ithihas / _cChandben pandey. _hTextual Documents |
||
| 250 |
_a1 / _b. |
||
| 260 |
_aNew Delhi : _bNational Publishing House , _c1963. |
||
| 300 | _a266 ; . | ||
| 365 | _a10.00 | ||
| 504 | _a | ||
| 942 | _cBK | ||
| 999 |
_c12170 _d12170 |
||